Environmental studies / (Record no. 15251)

MARC details
000 -LEADER
fixed length control field 00930nam a2200265 a 4500
001 - CONTROL NUMBER
control field ENG-90838
005 - DATE AND TIME OF LATEST TRANSACTION
control field 20071231103130.0
008 - FIXED-LENGTH DATA ELEMENTS--GENERAL INFORMATION
fixed length control field 080901t xxu||||| |||| 00| 0 eng d
010 ## - LIBRARY OF CONGRESS CONTROL NUMBER
LC control number ENG-90838
020 ## - INTERNATIONAL STANDARD BOOK NUMBER
Terms of availability 200.00
International Standard Book Number 819042291X
035 ## - SYSTEM CONTROL NUMBER
System control number EN-74371
037 ## - SOURCE OF ACQUISITION
Source of stock number/acquisition DBAD / PUB
040 ## - CATALOGING SOURCE
Original cataloging agency DPL
082 ## - DEWEY DECIMAL CLASSIFICATION NUMBER
Classification number 363.7
100 ## - MAIN ENTRY--PERSONAL NAME
Personal name Jat, B.C.
245 ## - TITLE STATEMENT
Title Environmental studies /
Statement of responsibility, etc by B.C. Jat [and] Sujata Mathur
260 ## - PUBLICATION, DISTRIBUTION, ETC. (IMPRINT)
Place of publication, distribution, etc Jaipur
Name of publisher, distributor, etc Agarwal Publishing Houes
Date of publication, distribution, etc 2007
270 ## - ADDRESS
Address 1885, Shukhlala Vyas Ki Gali, Nataniyon Ka Rasta,
City Jaipur
Postal code 302003
300 ## - PHYSICAL DESCRIPTION
Extent vi, 288p.
Dimensions 23 cm (pbk)
500 ## - GENERAL NOTE
General note Includes bibliographical references
650 ## - SUBJECT ADDED ENTRY--TOPICAL TERM
Topical term or geographic name as entry element environmental sciences
700 ## - ADDED ENTRY--PERSONAL NAME
Personal name Mathur , Sujata
942 ## - ADDED ENTRY ELEMENTS (KOHA)
Source of classification or shelving scheme Dewey Decimal Classification
Koha item type English Books
Classification part 363.7
Call number suffix JAT
Holdings
Withdrawn status Lost status Damaged status Not for loan Collection code Home library Current library Date acquired Cost, normal purchase price Total Checkouts Full call number Barcode Date last seen Cost, replacement price Price effective from Koha item type
      Not For Loan Non-fiction D.B.Act.Division D.B.Act.Division 02/09/2008 200.00   363.7 JAT EN-74371 15/09/2008 200.00 15/09/2008 English Books

© Delhi Public Library
Hit Counter
free hit counter